Datum a čas kvízu
20
Celkem bodů
Celkový počet nahraných bodů na tomto kvízu bez doplňovacích otázek.
6.
Pořadí na kvízu
Konečné umístění týmu na tomto kvízu.
Zaznamenané odpovědi
| # | Otázka | Odpověď | Body | Výsledky |
|---|---|---|---|---|
| 1. | V Praze minulý týden skončila... | Negrelliho viadukt | 0 | |
| 2. | Násilná smrt George Floyda ods... | Minneapolis | 1 | |
| 3. | V neděli se konalo finále pěve... | Monika Bagárová | 0 | |
| 4. | Který z našich mobilních operá... | Vodafone | 1 | |
| 5. | Magazín Forbes zveřejnil žebří... | Roger Federer | 0 | |
| 6. | Napište výraz čítající osm pís... | nanismus | 0 | |
| 7. | Na fotce vlevo je herec jménem... | dr. Zloun / dr. Evil | 1 | |
| 8. | Mezi hlavní postavy Pevnosti B... | Paklíč a Pačes | 1 | |
| 9. | Příběh o Sněhurce jistě nemusí... | Prófa, Štístko | 0 | |
| 10. | Nejznámější trpasličí planetou... | Hydra | 0 |